000 00733nam a22002417a 4500
001 BD-DhSAU 170
003 BD-DhSAU
005 20150416135937.0
008 140130b xxu|||||r|||| 001 0aeng d
020 _a0863602271
040 _aBD-DhSAU
082 _222
_a535
_b535
100 _aCalderbank, daniel A.
245 _aGrowing onions and shallots /
_cDaniel A. Calderbank, Bill Rodger and Jim Kirkness.
260 _aBolton, ; UK :
_bRoss Anderson Publication,
_cc1986.
300 _axii, ; 126 p. :
_c23 cm.
504 _aIncludes bibliographical references and index.
590 _ajoy
650 _aOnions.
650 _aHorticulture
700 _aDaniesl A. Calderbank.
700 _aBill Rodger and Jim kirkness.
942 _2ddc
_cBOOK
999 _c170
_d170